000 004140000a22001690004500
003 MACL
005 20150714142715.0
008 150714b xxu||||| |||| 00| 0 eng d
040 _aMACL
_cMACL
041 _aEnglish
082 _a322/KUR
100 _aVarughese, P. N
_92035
245 _aCentre-State Relations
260 _bMachillan
_c1981
_aNew Delhi
650 _aPolitical Science
_988
942 _cBK
_k322
_2ddc
999 _c6827
_d6827